000 01021nam a2200253Ia 4500
003 OSt
005 20221005103331.0
006 a|||||r|||| 00| 0
007 ta
008 221004b |||||||| |||| 00| 0 hin d
024 _a30774
037 _cTextual
040 _aCRL
_cCRL
_bhin
041 _2hin
_ahin
082 _aO152oj5,1, 152M7
100 _aसिंह, बच्चन
245 0 _aभारतीय एवं पाश्चात्य काव्यशास्त्र का तुलनात्मक अध्ययन
246 _aBhāratīya evan pāshchātya kāvyashāstra kā tulanātmak adhyayana
260 _aचण्डीगढ़
_bहरियाणा साहित्य अकादमी भारत
_c1987
300 _a350पृ.
_ccm.
490 _aसाहित्य समालोचना ग्रन्थमाला; 3
942 _hO152oj5,1, 152M7
_cTEXL
_2cc
999 _c1009872
_d1009872